[Event "Panama City Criollo op"]
[Site "Panama City"]
[Date "2024.11.04"]
[Round "5"]
[White "Cuevas Morgan, Jorge Enrique"]
[Black "Rodriguez Lopez, Jose Ivan"]
[Result "0-1"]
[WhiteElo "1424"]
[BlackElo "1760"]
[PlyCount "152"]
[EventDate "2024.11.02"]
[EventType "swiss"]
[EventRounds "6"]
[EventCountry "PAN"]
[SourceTitle "CB45_2024"]
[Source "ChessBase"]
[SourceDate "2024.11.06"]
[SourceVersion "1"]
[SourceVersionDate "2024.11.06"]
[SourceQuality "1"]

1. e4 c5 2. Nf3 d6 3. d4 cxd4 4. Nxd4 Nf6 5. Nc3 a6 6. h3 e5 7. Nde2 h5 8. g3 Be7 9. Bg2 Be6 10. Be3 b5 11. a3 Qc7 12. Nd5 Bxd5 13. exd5 Nbd7 14. Nc3 Rc8 15. Rc1 Nb6 16. 0-0 Nc4 17. Rb1 Nxa3 18. bxa3 Qxc3 19. a4 bxa4 20. Qe2 0-0 21. Qxa6 Ra8 22. Qc6 Rfc8 23. Qb7 Bf8 24. Rfc1 Qc7 25. Qb2 Rcb8 26. Qa2 Rxb1 27. Rxb1 Qc3 28. Kh2 Rc8 29. Qxa4 Qxc2 30. Qxc2 Rxc2 31. Rd1 Nd7 32. h4 Nf6 33. Kg1 Ng4 34. Be4 Ra2 35. Bd3 Nf6 36. Bc4 Rc2 37. Bb3 Rc3 38. Ba2 Ng4 39. Re1 Ra3 40. Bc4 g6 41. Kg2 Bh6 42. Bxh6 Nxh6 43. f3 Nf5 44. Rc1 Ne3+ 45. Kf2 Nxc4 46. Rxc4 Rd3 47. Rc8+ Kg7 48. f4 Rxd5 49. fxe5 dxe5 50. Ke3 Rd4 51. Rc5 Rg4 52. Rxe5 Rxg3+ 53. Kd4 Rg4+ 54. Re4 Kh6 55. Rxg4 hxg4 56. Ke3 Kh5 57. Ke2 Kxh4 58. Kf2 Kh3 59. Kg1 f5 60. Kh1 f4 61. Kg1 Kg3 62. Kf1 Kh2 63. Ke2 g3 64. Kf3 g2 65. Kxf4 g1Q 66. Ke5 Qg4 67. Kd5 Qf4 68. Ke6 g5 69. Kd5 g4 70. Kc5 g3 71. Kd5 g2 72. Kc5 g1Q+ 73. Kd5 Qd1+ 74. Kc5 Qc7+ 75. Kb4 Qb1+ 76. Ka3 Qa7# 0-1

[Event "Panama City Criollo op"]
[Site "Panama City"]
[Date "2024.11.04"]
[Round "4"]
[White "Rodriguez Lopez, Jose Ivan"]
[Black "Rozenblat, Zachary"]
[Result "0-1"]
[WhiteElo "1760"]
[BlackElo "1839"]
[PlyCount "154"]
[EventDate "2024.11.02"]
[EventType "swiss"]
[EventRounds "6"]
[EventCountry "PAN"]
[SourceTitle "CB45_2024"]
[Source "ChessBase"]
[SourceDate "2024.11.06"]
[SourceVersion "1"]
[SourceVersionDate "2024.11.06"]
[SourceQuality "1"]

1. e4 e5 2. Nf3 Nc6 3. Bc4 Nf6 4. d3 Be7 5. c3 d5 6. exd5 Nxd5 7. 0-0 0-0 8. Re1 Nb6 9. Bb3 Bg4 10. h3 Bh5 11. Qe2 Kh8 12. Nbd2 f5 13. Nf1 h6 14. Ng3 Bxf3 15. Qxf3 Bd6 16. Qh5 Qf6 17. h4 f4 18. Ne4 Qf5 19. Qxf5 Rxf5 20. Be6 Rff8 21. Bg4 Rad8 22. Be2 Be7 23. h5 Nd5 24. Bd2 Nf6 25. Rad1 Bd6 26. Bc1 Ne7 27. Bf3 b6 28. b3 Nf5 29. Nxd6 cxd6 30. Ba3 Nh4 31. d4 Nxf3+ 32. gxf3 Rfe8 33. dxe5 dxe5 34. Rxd8 Rxd8 35. Rxe5 Rd7 36. Re7 Rxe7 37. Bxe7 Nd5 38. Bd6 Nxc3 39. a4 a6 40. Kf1 Nd5 41. Ke2 Kg8 42. Kd3 Kf7 43. Ke4 Nf6+ 44. Kxf4 Nxh5+ 45. Kg4 Nf6+ 46. Kg3 g6 47. b4 b5 48. axb5 axb5 49. Bc5 Ke6 50. Bf8 h5 51. Kh4 Kf5 52. Kg3 g5 53. Bc5 Nd5 54. Bf8 Nf4 55. Bc5 h4+ 56. Kh2 Nd3 57. Bd6 Nxf2 58. Kg2 Nd3 59. Kh3 Ne5 60. Kg2 Nd7 61. Kh3 Nf6 62. Bb8 Ke6 63. Bc7 Nd5 64. Ba5 Kf5 65. Kg2 Kf4 66. Bd8 Nxb4 67. Be7 Nd3 68. Bd6+ Kf5 69. Bf8 b4 70. Bg7 b3 71. Kh3 b2 72. Bxb2 Nxb2 73. Kg2 Kf4 74. Kf2 Nd3+ 75. Kg2 Ne1+ 76. Kh3 Nxf3 77. Kg2 g4 0-1

[Event "Iberoamerican-ch 9th"]
[Site "Panama City"]
[Date "2023.11.28"]
[Round "5"]
[White "Rodriguez Lopez, Jose Ivan"]
[Black "Chavarria Troya, Keytleen Denis"]
[Result "0-1"]
[WhiteElo "1004"]
[BlackElo "1499"]
[PlyCount "46"]
[EventDate "2023.11.25"]
[EventType "swiss"]
[EventRounds "9"]
[EventCountry "PAN"]
[SourceTitle "CBM 217 Extra"]
[Source "ChessBase"]
[SourceDate "2024.01.31"]
[SourceVersion "1"]
[SourceVersionDate "2024.01.31"]
[SourceQuality "1"]

1. e4 Nc6 2. d4 e6 3. Nf3 d6 4. Be3 Nf6 5. h3 Nxe4 6. Bd3 Nf6 7. c3 Be7 8. 0-0 0-0 9. Re1 e5 10. Qe2 e4 11. Bxe4 Nxe4 12. Bf4 Nf6 13. Nbd2 Bf5 14. Nf1 Nd5 15. Bd2 Re8 16. Ng3 Bg6 17. c4 Ndb4 18. Bxb4 Nxb4 19. Rec1 Bg5 20. Qd1 Bxc1 21. Qxc1 Qf6 22. Qd2 Nd3 23. Rd1 Re7 0-1